000 005580000a22001810004500
003 MACL
005 20160421151902.0
008 160421b xxu||||| |||| 00| 0 eng d
040 _aMACL
_cMACL
041 _aHindi
082 _a780
100 _aबहोरे रवीन्‍द्र नाथ
_953180
245 _aभारती संगीत विमर्श
260 _bक्‍लासिकल पब्लिशिंग
_c2005
_aनई दिल्‍ली
350 _a500
650 _aMusic
_953181
942 _cHIN
_k780
_2ddc
999 _c11737
_d11737